What Industry Owes to Chemical Science (Record no. 1723)

MARC details
000 -LEADER
fixed length control field 00401nam a2200145Ia 4500
008 - FIXED-LENGTH DATA ELEMENTS--GENERAL INFORMATION
fixed length control field 211109s9999||||xx |||||||||||||| ||und||
082 ## - DEWEY DECIMAL CLASSIFICATION NUMBER
Classification number 600
Item number PIL-W
100 ## - MAIN ENTRY--PERSONAL NAME
Personal name Pilcher, Richard B
245 #0 - TITLE STATEMENT
Title What Industry Owes to Chemical Science
260 ## - PUBLICATION, DISTRIBUTION, ETC.
Name of publisher, distributor, etc. Constable
Place of publication, distribution, etc. Bombay
Date of publication, distribution, etc. 1923
300 ## - PHYSICAL DESCRIPTION
Extent 158p.
630 ## - SUBJECT ADDED ENTRY--UNIFORM TITLE
General subdivision General Stack
650 ## - SUBJECT ADDED ENTRY--TOPICAL TERM
Topical term or geographic name entry element Technology
942 ## - ADDED ENTRY ELEMENTS (KOHA)
Koha item type BOOK
650 ## - SUBJECT ADDED ENTRY--TOPICAL TERM
Form subdivision Chemical ScienceIndustry
General subdivision Technology
Holdings
Withdrawn status Lost status Damaged status Not for loan Home library Current library Date acquired Cost, normal purchase price Total Checkouts Full call number Barcode Shelving location Date last seen Price effective from Koha item type
        SB LIBRARY SB LIBRARY 09/11/2021 100.00   600 PIL-W 00001855 GENERAL STACK 09/11/2021 09/11/2021 BOOK

Powered by Koha